| 000 | 00747cam a2200253u 4500 | ||
|---|---|---|---|
| 001 | 49458 | ||
| 003 | BD-RjUL | ||
| 005 | 20211209054702.0 | ||
| 008 | 160821s1963 maua 001 0 eng | ||
| 035 | _a(BD-RjUL) 49577 | ||
| 040 |
_aDLC _cCarP _dDLC _dBD-RjUL _beng |
||
| 041 | _aeng | ||
| 082 |
_a320.94708 _bFAH 1963 |
||
| 100 | 1 |
_aFainsod, Merle. _d1907-1972. _98566 |
|
| 245 | 1 | 0 |
_aHow Russia is ruled / _cby Merle Fainsod. |
| 250 | _arev. edi. | ||
| 260 |
_aCambridge : _bHarvard University Press, _c1963 |
||
| 300 |
_axi, 575 p. : _bill. ; _c25 cm. |
||
| 504 | _aIncludes Index. | ||
| 651 | 0 |
_aRussia _xPolitics and government _y1917- [from old catalog] _922988 |
|
| 942 |
_2ddc _cBK |
||
| 999 |
_c49458 _d49458 |
||